| 000 | 01404 a2200253 4500 | ||
|---|---|---|---|
| 003 | Nust | ||
| 005 | 20230102110344.0 | ||
| 010 | _a 99041995 | ||
| 020 | _a1852332085 (acid-free paper) | ||
| 035 | _a(DLC) 99041995 | ||
| 040 | _cNust | ||
| 082 | 0 | 0 | _a629.8,PAD |
| 100 | 1 |
_aPadmanabhan, Tattamangalam R., _980545 |
|
| 245 | 1 | 0 |
_aIndustrial instrumentation : _bprinciples and design / _cTattamangalam R. Padmanabhan. |
| 260 |
_aLondon ; _aNew York : _bSpringer, _cc2000. |
||
| 300 |
_axxii, 643 p. : _bill. ; _c24 cm. |
||
| 505 | _aInstrumentation Schemes (Page-3), Secondary Transducers (Page-29), Operational Amplifiers (Page-56), Linear Signal Processing (Page-74), Active Filters (Page-107), Nonlinear Signal Processing (Page-157), Noise and System Performance (Page-196), DSP for Instrumentation (Page-291), Generic Structures of Instrumentation Schemes (Page-318), Displacement Instrumentation (Page-355), Force and Allied Instrumentation (Page-388), Processes Instrumentation (Page-420), Typical Instrumentation Schemes (Page-564). | ||
| 650 | 0 |
_aElectronic instruments. _935963 |
|
| 650 | 0 | _aMeasuring instruments. | |
| 650 | 0 |
_aProcess control _xInstruments. _9106591 |
|
| 856 | 4 | 2 |
_3Publisher description _uhttp://www.loc.gov/catdir/enhancements/fy0812/99041995-d.html |
| 856 | 4 | 2 |
_3Table of contents only _uhttp://www.loc.gov/catdir/enhancements/fy0812/99041995-t.html |
| 942 |
_cBK _2ddc |
||
| 999 |
_c175925 _d175925 |
||